Hermanos nos creó: poesía

Saved in:
Bibliografiske detaljer
Hovedforfatter: Pizarro Polanco, Juan Guillermo (Author)
Format: Bog
Sprog:spansk
Udgivet: Santiago Sociedad Hogar Hermano 2000
Fag:
Tags: Tilføj Tag
Ingen Tags, Vær først til at tagge denne postø!

MARC

LEADER 00000nam a2200000 a 4500
001 UCH4996
003 CL-VaPUC
008 090916e20000000CL |||||||||||||||||spa|d
082 0 4 |a Ch861  |b PIZ  |2 21 
100 0 |a Pizarro Polanco, Juan Guillermo  |e author  |9 541102 
245 1 0 |a Hermanos nos creó: poesía 
300 |a 20 p 
942 |c BK 
945 |d 20090916 00:00:00  |a rbrito 
260 |a Santiago  |b Sociedad Hogar Hermano  |c 2000 
650 0 |a Poesías chilenas   |9 265280 
583 |a last modification  |c 20090916 00:00:00  |k Rodrigo Vera 
999 |c 336227  |d 336225 
952 |0 0  |1 0  |4 0  |6 CH_861_000000000000000_PIZ_2000  |7 0  |8 X  |9 427217  |a FDOBUD  |b FDOBUD  |d 2019-11-22  |i 4596064  |o Ch861 PIZ 2000  |p 4596064  |r 2019-11-22  |w 2019-11-22  |y BK_X  |k BUD